000 00440nam a2200157Ia 4500
005 20250403142055.0
008 231217s9999 xx 000 0 und d
020 _a9788131403525
082 _a658.3125 RED1;1
100 _aReddy, Sumati ed.
245 0 _aIcfai university press on performance management
260 _c2006
_bICFAI Press
_aHyderabad
300 _axi, 191
650 _aIcfai,press,performance,management
942 _cAA
999 _c190974
_d190974